| 000 | 00658cam a2200241 a 4500 | ||
|---|---|---|---|
| 001 | 13274247 | ||
| 005 | 20171228063531.0 | ||
| 008 | 030714s2003 nyu 001 0 eng | ||
| 010 | _a 2003272236 | ||
| 020 | _a0735542945 | ||
| 040 |
_aDLC _cDLC _dDLC |
||
| 041 | _aeng | ||
| 042 | _apcc | ||
| 043 | _an-us--- | ||
| 080 | _a342.7306076 BEE | ||
| 082 | 0 | 0 |
_a342.7306076 BEE _222 |
| 100 | 1 | _a14 | |
| 101 | _aJUR | ||
| 245 | 1 | 0 |
_aAdministrative law / _cJack M. Beermann. |
| 906 |
_a7 _bcbc _corignew _d2 _encip _f20 _gy-gencatlg |
||
| 942 |
_2ddc _cBK |
||
| 999 |
_c39563 _d39563 |
||